00724nam a2200145 4500008001400000020001800014082001900032100004900051245004900100260007000149300003800219505020600257650007700463700003800540779.092 G216d a9789945868210 a779.092bG216d aCentro Cultural de España en Santo Domingo aDiversidad:bla diferencia como definición aSanto DomingobCentro Cultural de España en Santo Domingoc2010 a112 p.bill (col)c25.5 x 25.5 cm tPresentaciónrJoaquín BenitotSobre la diferenciarRosa OlivarestArtistastCarmela GarcíatAmparo GarridotGermán GómeztAli HanoontJesús MicótTanit PlanatMiguel TrillotJesús Ubera xarte contemporáneoxfotografíaxcatálogo de exhibiciónxEspaña aBenito, Joaquín; Olivares, Rosa